[Event "fast games for new members - #2"]
[Site "SchemingMind.com"]
[Date "2006.04.01"]
[Round "-"]
[White "Edmeier"]
[Black "Gand"]
[Result "0-1"]
[WhiteCountry "GER"]
[BlackCountry "ESP"]
[WhiteElo "1523"]
[WhiteRD "128"]
[BlackElo "1533"]
[BlackRD "141"]
[GameID "44856"]

1. Nf3 d5 2. d3 Nc6 3. g3 e5 4. Bg2 Nf6 5. O-O Be7 6. c4 d4 7. e3 O-O 8. exd4 exd4 9. Bf4 Bf5 10. Ne5 Nxe5
11. Bxe5 Ng4 12. Qe2 Bxd3
0-1

[Event "fast games for new members - #2"]
[Site "SchemingMind.com"]
[Date "2006.04.03"]
[Round "-"]
[White "Gand"]
[Black "Edmeier"]
[Result "1-0"]
[WhiteCountry "ESP"]
[BlackCountry "GER"]
[WhiteElo "1533"]
[WhiteRD "141"]
[BlackElo "1523"]
[BlackRD "128"]
[GameID "44857"]

1. e4 d6 2. d4 g6 3. Nf3 Nf6 4. Nc3 Bg7 5. Bb5+ Bd7 6. Qe2 O-O 7. e5 dxe5 8. dxe5 Ng4 9. h3 Nh6 10. Bg5 Bxb5
11. Qxb5 b6 12. Rd1
1-0

[Event "fast games for new members - #2"]
[Site "SchemingMind.com"]
[Date "2006.04.02"]
[Round "-"]
[White "chessfreak"]
[Black "Gand"]
[Result "1-0"]
[WhiteCountry "INT"]
[BlackCountry "ESP"]
[WhiteElo "2000"]
[WhiteRD "135"]
[BlackElo "1517"]
[BlackRD "139"]
[GameID "45018"]

1. e4 e5 2. Nf3 Nc6 3. Bb5 Nf6 4. d3 Bc5 5. O-O d6 6. c3 O-O 7. Nbd2 Be6 8. h3 Qe7 9. Re1 Rad8 10. b4 Bb6
11. Nc4 Bxc4 12. Bxc4 a6 13. Bg5 h6 14. Bh4
1-0

[Event "fast games for new members - #2"]
[Site "SchemingMind.com"]
[Date "2006.04.02"]
[Round "-"]
[White "chessfreak"]
[Black "Edmeier"]
[Result "1-0"]
[WhiteCountry "INT"]
[BlackCountry "GER"]
[WhiteElo "1985"]
[WhiteRD "136"]
[BlackElo "1523"]
[BlackRD "128"]
[GameID "45019"]

1. d4 g6 2. e4 Nf6 3. e5 Nd5 4. c4 Nb6 5. Nc3 c6 6. c5 Nd5 7. Nxd5 cxd5 8. Qb3 e6 9. Nf3 Nc6 10. h4 f6
11. exf6 Qxf6 12. Bg5 Qf7 13. h5 gxh5 14. Rh4 Qg7 15. O-O-O d6 16. Bb5 Bd7 17. Re1 h6 18. Bxc6 bxc6 19. Bf4 Be7 20. Rhh1 dxc5
21. Be5
1-0

[Event "fast games for new members - #2"]
[Site "SchemingMind.com"]
[Date "2006.04.03"]
[Round "-"]
[White "Gand"]
[Black "chessfreak"]
[Result "0-1"]
[WhiteCountry "ESP"]
[BlackCountry "INT"]
[WhiteElo "1517"]
[WhiteRD "139"]
[BlackElo "2000"]
[BlackRD "135"]
[GameID "45020"]

1. e4 c5 2. Nf3 Nc6 3. Bb5 e6 4. O-O Nge7 5. Nc3 a6 6. Bd3 Nd4 7. Nxd4 cxd4 8. Ne2 Nc6 9. c3 Bc5 10. Qc2 Ba7
11. b3 d6 12. Bb2 dxc3 13. Bxc3 O-O 14. e5 Qh4
0-1

[Event "fast games for new members - #2"]
[Site "SchemingMind.com"]
[Date "2006.04.02"]
[Round "-"]
[White "Edmeier"]
[Black "chessfreak"]
[Result "0-1"]
[WhiteCountry "GER"]
[BlackCountry "INT"]
[WhiteElo "1523"]
[WhiteRD "128"]
[BlackElo "1985"]
[BlackRD "136"]
[GameID "45021"]

1. Nf3 Nf6 2. d3 g6 3. g3 Bg7 4. Bg2 O-O 5. O-O d5 6. c4 c6 7. cxd5 cxd5 8. Bf4 Qb6 9. Be5 Nc6 10. Qd2 Nxe5
11. Nxe5 Be6 12. Nf3 Rac8 13. Nc3 d4 14. Na4 Qd6 15. e4 Nd7 16. b3 b5 17. Nb2 Rc3 18. Rfc1 Rfc8 19. Nd1 R3c7 20. Rxc7 Qxc7
0-1

[Event "fast games for new members - #2"]
[Site "SchemingMind.com"]
[Date "2006.04.03"]
[Round "-"]
[White "MatdeInverses"]
[Black "chessfreak"]
[Result "1/2-1/2"]
[WhiteCountry "USA"]
[BlackCountry "INT"]
[WhiteElo "1956"]
[WhiteRD "47"]
[BlackElo "1985"]
[BlackRD "136"]
[GameID "45149"]

1. c4 g6 2. g3 Bg7 3. Bg2 Nf6 4. Nc3 O-O 5. Nf3 d5 6. cxd5 Nxd5 7. O-O Nc6 8. Qb3 Nb6 9. d3 Be6 10. Qd1 h6
11. Be3 Kh7 12. Rc1 f5 13. a3 Nd5 14. Bd2 Qd6 15. Qa4 Bf6 16. Qc2 Rad8 17. Rfd1 Nxc3 18. Bxc3=
1/2-1/2

[Event "fast games for new members - #2"]
[Site "SchemingMind.com"]
[Date "2006.04.03"]
[Round "-"]
[White "MatdeInverses"]
[Black "Gand"]
[Result "1-0"]
[WhiteCountry "USA"]
[BlackCountry "ESP"]
[WhiteElo "1956"]
[WhiteRD "47"]
[BlackElo "1533"]
[BlackRD "141"]
[GameID "45150"]

1. c4 Nf6 2. g3 Nc6 3. Bg2 e5 4. Nc3 Bc5 5. e3 O-O 6. Nge2 d6 7. a3 Bb6 8. O-O Bg4 9. b4 Qd7 10. Re1 Qf5
11. Nd5 Nxd5 12. cxd5 Ne7 13. a4 a5 14. bxa5 Rxa5 15. d4 exd4 16. Nxd4
1-0

[Event "fast games for new members - #2"]
[Site "SchemingMind.com"]
[Date "2006.04.03"]
[Round "-"]
[White "MatdeInverses"]
[Black "Edmeier"]
[Result "0-1"]
[WhiteCountry "USA"]
[BlackCountry "GER"]
[WhiteElo "1898"]
[WhiteRD "52"]
[BlackElo "1730"]
[BlackRD "164"]
[GameID "45151"]

1. c4 d6 2. g3 g6 3. Bg2 Nf6 4. Nc3 c5 5. Nf3 Bg7 6. O-O O-O 7. d3 d5 8. cxd5 Nxd5 9. Qb3 Nxc3 10. bxc3 Nc6
11. Be3 b6 12. Ng5 Na5 13. Qa4 Bb7 14. Rac1 Bxg2 15. Kxg2 Rc8 16. Qh4 h5 17. Ne4 c4 18. d4 e5 19. Qxd8 Rfxd8 20. Bg5 Rd5
21. Nf6+ Bxf6 22. Bxf6 exd4 23. Bxd4 Nc6 24. e4 Rd6 25. Be3 Rd3 26. h3 Ne5 27. a4 Nd7 28. a5 Nc5 29. axb6 axb6 30. Bxc5 Rxc5
31. Rfe1 f6 32. Re2 Kf7 33. f4 Rb5 34. g4 Rb3 35. e5 fxe5 36. Rxe5 Rb2+ 37. Kf1 Rxh3
0-1

[Event "fast games for new members - #2"]
[Site "SchemingMind.com"]
[Date "2006.04.03"]
[Round "-"]
[White "chessfreak"]
[Black "MatdeInverses"]
[Result "1-0"]
[WhiteCountry "INT"]
[BlackCountry "USA"]
[WhiteElo "1904"]
[WhiteRD "179"]
[BlackElo "1898"]
[BlackRD "52"]
[GameID "45152"]

1. e4 c5 2. Nf3 Nc6 3. Nc3 Nf6 4. Bb5 Nd4 5. e5 Nxb5 6. Nxb5 Nd5 7. Ng5 e6 8. Ne4 f5 9. Qh5+ g6 10. Nbd6+ Bxd6
11. Nxd6+ Kf8 12. Qh6+
1-0

[Event "fast games for new members - #2"]
[Site "SchemingMind.com"]
[Date "2006.04.04"]
[Round "-"]
[White "Gand"]
[Black "MatdeInverses"]
[Result "0-1"]
[WhiteCountry "ESP"]
[BlackCountry "USA"]
[WhiteElo "1533"]
[WhiteRD "141"]
[BlackElo "1956"]
[BlackRD "47"]
[GameID "45153"]

1. e4 c5 2. Nf3 Nc6 3. Bb5 e6 4. Nc3 Nge7 5. O-O a6 6. Bxc6 Nxc6 7. d4 cxd4 8. Nxd4 Qc7 9. Nxc6 bxc6 10. Qg4 h5
11. Qh4 Be7 12. Bg5 f6
0-1

[Event "fast games for new members - #2"]
[Site "SchemingMind.com"]
[Date "2006.04.03"]
[Round "-"]
[White "Edmeier"]
[Black "MatdeInverses"]
[Result "0-1"]
[WhiteCountry "GER"]
[BlackCountry "USA"]
[WhiteElo "1730"]
[WhiteRD "164"]
[BlackElo "1898"]
[BlackRD "52"]
[GameID "45154"]

1. Nf3 Nf6 2. d3 d5 3. g3 c5 4. Bg2 Nc6 5. O-O e6 6. c4 b6 7. Nc3 Bb7 8. Bf4 Be7 9. cxd5 exd5 10. e4 d4
11. e5 dxc3 12. bxc3 Nd5 13. Qd2 O-O 14. Rad1 f6 15. e6 Nxf4 16. gxf4 Qc7 17. f5 Rad8 18. d4 cxd4 19. cxd4 Bc5 20. Qc3 Bd6
21. d5 Ne7 22. Qxc7 Bxc7 23. Nd4 Bxd5 24. Bxd5 Rxd5 25. Nc6 Nxc6 26. Rxd5 Be5 27. Rd7 Nd4 28. Rxa7 Nxf5 29. Rb1 Bd4 30. e7 Re8
31. Re1 Bc5 32. a4 Rxe7 33. Rexe7 Nxe7 34. a5 bxa5 35. Rxa5 Bd6 36. Kg2 Kf7 37. h3 Kg6 38. Kf3 Nf5 39. Ke4 Nh6 40. f3 Nf7
41. f4 Bc7 42. Rd5 f5+ 43. Kf3 Nd8
0-1

[Event "fast games for new members - #2"]
[Site "SchemingMind.com"]
[Date "2006.04.04"]
[Round "-"]
[White "kqrpnb"]
[Black "MatdeInverses"]
[Result "0-1"]
[WhiteCountry "USA"]
[BlackCountry "USA"]
[WhiteElo "1455"]
[WhiteRD "153"]
[BlackElo "1898"]
[BlackRD "52"]
[GameID "45267"]

1. e4 c5 2. Nf3 Nc6 3. Bb5 g6 4. c3 Bg7 5. O-O Nf6 6. d3 O-O 7. Be3 b6 8. Nbd2 Bb7 9. Nc4 d6 10. e5 Nxe5
11. Ncxe5 dxe5 12. Nxe5 Qd5 13. Nf3 Ng4 14. c4 Qh5 15. Bf4 Bxb2 16. Rb1 Bf6 17. h3 Nh6 18. Kh2 Rad8 19. Qd2 Bxf3 20. gxf3 Nf5
21. Qe2 Nd4 22. Qe3 e5 23. Bg3 Nxf3+ 24. Kg2 Nd4 25. Rb2 Nf5 26. Qe4 Nd6 27. Qc6 e4 28. Rd2 Qf3+ 29. Kg1 Nxb5 30. cxb5 Bd4
31. Qxe4 Qxg3+
0-1

[Event "fast games for new members - #2"]
[Site "SchemingMind.com"]
[Date "2006.04.04"]
[Round "-"]
[White "kqrpnb"]
[Black "chessfreak"]
[Result "0-1"]
[WhiteCountry "USA"]
[BlackCountry "INT"]
[WhiteElo "1452"]
[WhiteRD "142"]
[BlackElo "1985"]
[BlackRD "136"]
[GameID "45268"]

1. e4 c5 2. Nf3 d6 3. d4 cxd4 4. Nxd4 Nf6 5. Nc3 a6 6. Be3 e6 7. f4 Qc7 8. Bd3 b5 9. Qf3 Bb7 10. g4 Nfd7
11. f5 Ne5 12. Qe2 b4 13. Na4 exf5 14. Nxf5 Nbd7 15. O-O-O Bc6 16. b3 g6 17. Nd4 Bxa4 18. bxa4 Nc5 19. Kb1 Nxa4 20. Bd2 Bg7
21. Nb5 axb5 22. Bxb5+ Ke7 23. Bxb4 Nc3+
0-1

[Event "fast games for new members - #2"]
[Site "SchemingMind.com"]
[Date "2006.04.04"]
[Round "-"]
[White "kqrpnb"]
[Black "Gand"]
[Result "0-1"]
[WhiteCountry "USA"]
[BlackCountry "ESP"]
[WhiteElo "1452"]
[WhiteRD "142"]
[BlackElo "1533"]
[BlackRD "141"]
[GameID "45269"]

1. e4 e5 2. Nf3 Nc6 3. Bc4 Nf6 4. Nc3 Nxe4 5. Nxe4 d5 6. Bxd5 Qxd5 7. d3 Bg4 8. O-O O-O-O 9. Be3 f5 10. Nc3 Bxf3
11. Nxd5 Bxd1 12. c4 Be2
0-1

[Event "fast games for new members - #2"]
[Site "SchemingMind.com"]
[Date "2006.04.04"]
[Round "-"]
[White "kqrpnb"]
[Black "Edmeier"]
[Result "1-0"]
[WhiteCountry "USA"]
[BlackCountry "GER"]
[WhiteElo "1455"]
[WhiteRD "153"]
[BlackElo "1730"]
[BlackRD "164"]
[GameID "45270"]

1. e4 g6 2. c4 d6 3. d4 Nf6 4. Nc3 Bg7 5. Nf3 O-O 6. h3 c5 7. d5 Nfd7 8. Qd2 Ne5 9. Be2 f5 10. Ng5 Qe8
11. f4 Ned7 12. Ne6
1-0

[Event "fast games for new members - #2"]
[Site "SchemingMind.com"]
[Date "2006.04.04"]
[Round "-"]
[White "MatdeInverses"]
[Black "kqrpnb"]
[Result "1-0"]
[WhiteCountry "USA"]
[BlackCountry "USA"]
[WhiteElo "1898"]
[WhiteRD "52"]
[BlackElo "1455"]
[BlackRD "153"]
[GameID "45271"]

1. c4 g6 2. g3 Bg7 3. Bg2 Nf6 4. Nc3 c6 5. Nf3 d5 6. d4 dxc4 7. a4 Nd5 8. O-O O-O 9. e4 Nb4 10. Qe2 Nd3
11. Be3 Bg4 12. e5 Nd7 13. b3 b5 14. axb5 cxb5 15. Nxb5 Bxf3 16. Bxf3 N7xe5 17. dxe5 Nxe5 18. Bxa8 Qxa8 19. Rxa7 Qc6 20. f4 cxb3
21. fxe5 Bxe5 22. Rxe7 b2 23. Rxe5
1-0

[Event "fast games for new members - #2"]
[Site "SchemingMind.com"]
[Date "2006.04.04"]
[Round "-"]
[White "chessfreak"]
[Black "kqrpnb"]
[Result "1-0"]
[WhiteCountry "INT"]
[BlackCountry "USA"]
[WhiteElo "1904"]
[WhiteRD "179"]
[BlackElo "1455"]
[BlackRD "153"]
[GameID "45272"]

1. d4 d5 2. c4 e5 3. cxd5 Qxd5 4. e3 Nc6 5. Nc3 Qd6 6. d5 Nb4 7. a3 Na6 8. Nf3 Nf6 9. e4 Nc5 10. Be2 Ncxe4
11. Nxe4 Nxe4 12. Qa4+ c6 13. dxc6
1-0

[Event "fast games for new members - #2"]
[Site "SchemingMind.com"]
[Date "2006.04.04"]
[Round "-"]
[White "Gand"]
[Black "kqrpnb"]
[Result "0-1"]
[WhiteCountry "ESP"]
[BlackCountry "USA"]
[WhiteElo "1533"]
[WhiteRD "141"]
[BlackElo "1452"]
[BlackRD "142"]
[GameID "45273"]

1. e4 e5 2. Nf3 Nc6 3. Bb5 a6 4. Bxc6 dxc6 5. Nxe5 Qg5 6. d4 Qxg2 7. Qf3 Qxf3 8. Nxf3 c5 9. Nc3 cxd4 10. Nxd4 Bc5
11. Nd5 Bd6 12. Bg5 c5 13. Nb3 Be6 14. O-O-O f6 15. Be3 Bxd5 16. Rxd5 c4
0-1

[Event "fast games for new members - #2"]
[Site "SchemingMind.com"]
[Date "2006.04.04"]
[Round "-"]
[White "Edmeier"]
[Black "kqrpnb"]
[Result "1-0"]
[WhiteCountry "GER"]
[BlackCountry "USA"]
[WhiteElo "1730"]
[WhiteRD "164"]
[BlackElo "1455"]
[BlackRD "153"]
[GameID "45274"]

1. Nf3 e5 2. d3 Nc6 3. c4 Bc5 4. g3 d5 5. cxd5 Qxd5 6. Nc3 Qe6 7. Bg2 Nf6 8. Nd2 Bxf2+ 9. Kxf2 Ng4+ 10. Kg1 Ne3
11. Qa4 Bd7 12. Nb3 Nd4 13. Nxd4 exd4 14. Qxd4 Nc2 15. Qxg7 O-O-O 16. Rb1 Qb6+ 17. Kf1 Ne3+ 18. Bxe3 Qxe3 19. Ke1 Bf5 20. Qxf7 Rhf8
21. Qb3 Rxd3 22. Qxb7+ Kd7 23. Qb5+ Kd8 24. Qb8+ Bc8 25. Ne4 Ke7 26. Qxc7+ Rd7 27. Qe5+ Kd8 28. Qa5+ Ke7 29. Qb4+ Kd8 30. Qxf8+
1-0

[Event "fast games for new members - #2"]
[Site "SchemingMind.com"]
[Date "2006.04.05"]
[Round "-"]
[White "Pood"]
[Black "MatdeInverses"]
[Result "0-1"]
[WhiteCountry "USA"]
[BlackCountry "USA"]
[WhiteElo "1225"]
[WhiteRD "206"]
[BlackElo "1956"]
[BlackRD "47"]
[GameID "45435"]

1. e4 c5 2. b3 b6 3. Bb2 Bb7 4. d3 Nf6 5. Nf3 d6 6. Nbd2 Nbd7 7. Be2 e6 8. O-O Be7 9. c4 Qc7 10. Ne1 g5
11. Bxf6 Bxf6 12. Rb1 Rg8 13. Bg4 Ne5
0-1

[Event "fast games for new members - #2"]
[Site "SchemingMind.com"]
[Date "2006.04.05"]
[Round "-"]
[White "Pood"]
[Black "chessfreak"]
[Result "0-1"]
[WhiteCountry "USA"]
[BlackCountry "INT"]
[WhiteElo "1225"]
[WhiteRD "206"]
[BlackElo "1985"]
[BlackRD "136"]
[GameID "45436"]

1. e4 e5 2. Nf3 Nc6 3. Bb5 a6 4. Ba4 Nf6 5. O-O Be7 6. d3 d6 7. c3 O-O 8. b4 b5 9. Bb3 a5 10. Qd2 axb4
11. cxb4 d5 12. exd5 Nxd5 13. Bb2 Ndxb4
0-1

[Event "fast games for new members - #2"]
[Site "SchemingMind.com"]
[Date "2006.04.05"]
[Round "-"]
[White "Pood"]
[Black "kqrpnb"]
[Result "0-1"]
[WhiteCountry "USA"]
[BlackCountry "USA"]
[WhiteElo "1138"]
[WhiteRD "168"]
[BlackElo "1501"]
[BlackRD "134"]
[GameID "45438"]

1. e4 e5 2. Nf3 Nc6 3. Bb5 a6 4. Ba4 b5 5. Bb3 Nf6 6. O-O Nxe4 7. Re1 Nf6 8. Nxe5 Nxe5 9. Rxe5+ Be7 10. Qe2 d6
11. Re3 Bb7 12. d4 Nd5 13. Bxd5 Bxd5 14. Nc3 Bc4 15. Qg4 Qd7 16. Qxg7 O-O-O 17. b3 Rdg8 18. Qh6 Rg6 19. Qh5 Rg5 20. Qf3 c6
21. bxc4 Rhg8 22. g3 Rf5 23. Qe2 Bf6 24. Bb2 Bxd4 25. Rf3 Re5
0-1

[Event "fast games for new members - #2"]
[Site "SchemingMind.com"]
[Date "2006.04.05"]
[Round "-"]
[White "Pood"]
[Black "Edmeier"]
[Result "0-1"]
[WhiteCountry "USA"]
[BlackCountry "GER"]
[WhiteElo "1138"]
[WhiteRD "177"]
[BlackElo "1523"]
[BlackRD "144"]
[GameID "45439"]

1. e4 g6 2. d4 d6 3. Nf3 Nf6 4. Nc3 Bg7 5. Be3 O-O 6. Bd3 Ng4 7. O-O Nxe3 8. fxe3 Nc6 9. a3 e5 10. d5 Ne7
11. Be2 c6 12. b4 f5
0-1

[Event "fast games for new members - #2"]
[Site "SchemingMind.com"]
[Date "2006.04.05"]
[Round "-"]
[White "chessfreak"]
[Black "Pood"]
[Result "1-0"]
[WhiteCountry "INT"]
[BlackCountry "USA"]
[WhiteElo "1985"]
[WhiteRD "136"]
[BlackElo "1225"]
[BlackRD "206"]
[GameID "45441"]

1. e4 c6 2. d4 d5 3. e5 Bf5 4. Nc3 e6 5. g4 Bg6 6. Nge2 Nd7 7. h4 h6 8. h5 Bh7 9. f4 Be7 10. Be3 Bh4+
11. Kd2 Qb6 12. Rxh4 Rc8 13. Kc1
1-0

[Event "fast games for new members - #2"]
[Site "SchemingMind.com"]
[Date "2006.04.05"]
[Round "-"]
[White "kqrpnb"]
[Black "Pood"]
[Result "1-0"]
[WhiteCountry "USA"]
[BlackCountry "USA"]
[WhiteElo "1455"]
[WhiteRD "153"]
[BlackElo "1338"]
[BlackRD "292"]
[GameID "45443"]

1. e4 e6 2. d4 d5 3. e5 Nd7 4. Nf3 c5 5. c3 cxd4 6. cxd4 Bb4+ 7. Bd2 Qb6 8. Nc3 Ne7 9. a3 Bxc3 10. Bxc3 Qd8
11. Bd3 Nb6 12. O-O O-O 13. Bxh7+ Kh8 14. Ng5 Ng6 15. Qh5
1-0

[Event "fast games for new members - #2"]
[Site "SchemingMind.com"]
[Date "2006.04.05"]
[Round "-"]
[White "Edmeier"]
[Black "Pood"]
[Result "1-0"]
[WhiteCountry "GER"]
[BlackCountry "USA"]
[WhiteElo "1523"]
[WhiteRD "144"]
[BlackElo "1138"]
[BlackRD "177"]
[GameID "45444"]

1. c4 g6 2. Nf3 Bg7 3. d4 Nf6 4. Nc3 d6 5. e3 c5 6. d5 O-O 7. e4 Bg4 8. Be2 Nbd7 9. a4 Qa5 10. O-O Ne5
11. Nxe5 Bxe2 12. Qxe2
1-0

[Event "fast games for new members - #2"]
[Site "SchemingMind.com"]
[Date "2006.04.06"]
[Round "-"]
[White "Dan Geana"]
[Black "MatdeInverses"]
[Result "1-0"]
[WhiteCountry "ROU"]
[BlackCountry "USA"]
[WhiteElo "1977"]
[WhiteRD "234"]
[BlackElo "1898"]
[BlackRD "52"]
[GameID "45579"]

1. Nf3 g6 2. d4 Bg7 3. c4 c5 4. dxc5 Qa5+ 5. Nc3 Bxc3+ 6. bxc3 Qxc5 7. e4 b6 8. Bd3 Nc6 9. O-O Nf6 10. Bh6 Rg8
11. Be3 Qh5 12. Be2 Ng4 13. Bf4 f5 14. h3 Nf6 15. e5 Ne4 16. Nd2 Qh4 17. g3 Qxh3 18. Nxe4 g5 19. Nxg5 Qh6 20. Bh5+ Rg6
21. Ne6
1-0

[Event "fast games for new members - #2"]
[Site "SchemingMind.com"]
[Date "2006.04.06"]
[Round "-"]
[White "Dan Geana"]
[Black "chessfreak"]
[Result "0-1"]
[WhiteCountry "ROU"]
[BlackCountry "INT"]
[WhiteElo "2176"]
[WhiteRD "123"]
[BlackElo "2148"]
[BlackRD "111"]
[GameID "45580"]

1. e4 c5 2. Nf3 a6 3. d4 cxd4 4. Nxd4 Nf6 5. Nc3 e5 6. Nf3 Bb4 7. Bc4 Qc7 8. Qd3 d6 9. Bd2 Bxc3 10. Bxc3 b5
11. Bb3 Nbd7 12. Bb4 Nc5 13. Bxc5 dxc5 14. Bd5 c4 15. Qe3 Nxd5 16. exd5 O-O 17. O-O-O f6 18. d6 Qc6 19. Nh4 Be6 20. f4 b4
21. fxe5 b3 22. a3 bxc2 23. Rd2 Rab8 24. Rxc2 c3 25. Qxc3 Qa4 26. Qg3 Rfc8 27. Rc7 Rxc7+ 28. dxc7 Rc8 29. exf6 Qc4+ 30. Qc3 Qxh4
31. Rf1 gxf6 32. g3 Qg5+ 33. Kb1 Qd5 34. Rc1 Qa2+ 35. Kc2 Bf5+ 36. Kd2 Qd5+ 37. Ke3 Qg2 38. Qc6 Qxh2 39. Kf4 Qh3 40. Qd5+ Be6
41. Qd8+ Kf7 42. Rc3 h5 43. Ke4 Qg2+ 44. Ke3 Qxg3+ 45. Kd2 Qf2+ 46. Kc1 h4
0-1

[Event "fast games for new members - #2"]
[Site "SchemingMind.com"]
[Date "2006.04.06"]
[Round "-"]
[White "Dan Geana"]
[Black "Gand"]
[Result "1-0"]
[WhiteCountry "ROU"]
[BlackCountry "ESP"]
[WhiteElo "2103"]
[WhiteRD "173"]
[BlackElo "1533"]
[BlackRD "141"]
[GameID "45581"]

1. Nf3 Nc6 2. e4 e5 3. Bb5 a6 4. Ba4 b5 5. Bb3 Nf6 6. O-O Bd6 7. Re1 O-O 8. c3 Re8 9. d3 Na5 10. Bc2 Bb7
11. Nbd2 Nc6 12. Nf1 b4 13. Nh4 bxc3 14. bxc3 Bc5 15. Qf3
1-0

[Event "fast games for new members - #2"]
[Site "SchemingMind.com"]
[Date "2006.04.06"]
[Round "-"]
[White "Dan Geana"]
[Black "kqrpnb"]
[Result "1-0"]
[WhiteCountry "ROU"]
[BlackCountry "USA"]
[WhiteElo "1977"]
[WhiteRD "234"]
[BlackElo "1455"]
[BlackRD "153"]
[GameID "45582"]

1. e4 e5 2. Nf3 Nc6 3. Bb5 a6 4. Ba4 b5 5. Bb3 Bb7 6. O-O Nf6 7. c3 Bd6 8. d3 O-O 9. Be3 a5 10. a4 b4
11. h3 Ba6 12. Re1 Be7 13. cxb4 Bxb4 14. Nc3 d5 15. exd5 Bxc3 16. bxc3 Nxd5 17. Bc5 Re8 18. Ng5 Qxg5 19. Bxd5 Bb7 20. Qf3 Ra6
21. Qxf7+
1-0

[Event "fast games for new members - #2"]
[Site "SchemingMind.com"]
[Date "2006.04.06"]
[Round "-"]
[White "Dan Geana"]
[Black "Edmeier"]
[Result "1-0"]
[WhiteCountry "ROU"]
[BlackCountry "GER"]
[WhiteElo "2103"]
[WhiteRD "173"]
[BlackElo "1523"]
[BlackRD "128"]
[GameID "45583"]

1. e4 d6 2. Nf3 Nf6 3. d3 c5 4. g3 Nc6 5. Bg2 Bg4 6. O-O Qd7 7. Nbd2 e5 8. Nc4 Nd4 9. Ne3 Nxf3+ 10. Bxf3 Bh3
11. Re1 O-O-O 12. a4 h5 13. a5 g5 14. c3 g4 15. Bh1 h4 16. gxh4 Rxh4 17. Qc2 Rh8 18. d4 exd4 19. cxd4 Kb8 20. dxc5 dxc5
21. e5 g3 22. fxg3 Ng4 23. Rd1 Qc7 24. Rxd8+ Qxd8 25. Qe4 Qc8 26. Nxg4 Bxg4 27. e6 Bxe6 28. Bf4+
1-0

[Event "fast games for new members - #2"]
[Site "SchemingMind.com"]
[Date "2006.04.07"]
[Round "-"]
[White "MatdeInverses"]
[Black "Dan Geana"]
[Result "0-1"]
[WhiteCountry "USA"]
[BlackCountry "ROU"]
[WhiteElo "2016"]
[WhiteRD "45"]
[BlackElo "2151"]
[BlackRD "162"]
[GameID "45585"]

1. c4 Nf6 2. g3 e5 3. Bg2 d5 4. cxd5 Nxd5 5. Nc3 Nb6 6. Nf3 Nc6 7. O-O Be7 8. d3 O-O 9. Be3 Bg4 10. Rc1 Qd7
11. Bh1 Rab8 12. Ne4 Qe6 13. b3 f5 14. Nc5 Qd6 15. b4 Nd5 16. Qb3 Rfd8 17. Nxe5 Nxe5 18. Bf4 Kh8 19. Bxd5 Qxd5 20. Qxd5 Rxd5
21. Bxe5 Rxe5 22. Nd7 Bd6 23. Nxb8 f4 24. e4 fxe3 25. fxe3 Re8 26. Rf4 Bxf4 27. gxf4 c6 28. Nxc6 bxc6 29. Kf2 Rd8 30. Rc3 g6
31. e4 Kg7 32. Ke3 Bd7 33. Ra3 Ra8 34. Ra6 Kf7 35. h4 Ke7 36. a3 Be8 37. d4 Bd7 38. Ra5 Be8 39. a4 a6 40. d5 cxd5
41. exd5 Rb8 42. Rxa6 Rxb4 43. a5 Ra4 44. Ra7+ Kd6 45. Rxh7 Rxa5 46. Rh8 Ra1 47. Kf3 Bf7 48. Kg4 Kxd5 49. Kg5 Ke6 50. Rb8 Rg1+
51. Kh6 Kf6 52. Rb6+ Be6 53. h5 Rc1 54. Rb5 Rc8
0-1

[Event "fast games for new members - #2"]
[Site "SchemingMind.com"]
[Date "2006.04.06"]
[Round "-"]
[White "chessfreak"]
[Black "Dan Geana"]
[Result "1-0"]
[WhiteCountry "INT"]
[BlackCountry "ROU"]
[WhiteElo "2162"]
[WhiteRD "101"]
[BlackElo "2146"]
[BlackRD "106"]
[GameID "45586"]

1. e4 e5 2. Nf3 Nc6 3. Bc4 Nf6 4. Ng5 d5 5. exd5 Nd4 6. c3 b5 7. Bf1 Nxd5 8. cxd4 Qxg5 9. Bxb5+ Kd8 10. Qf3 Bb7
11. O-O Rb8 12. dxe5 Ne3 13. Qh3 Qxg2+ 14. Qxg2 Nxg2 15. d4 Nh4 16. Bg5+ Be7 17. Bxh4 Bxh4 18. Nc3 Bf3 19. Rab1 Rb6 20. Bd3 Rb4
21. Be2 Bb7 22. Rfd1 Re8 23. Bh5 Ke7 24. a3 Rb6 25. d5 Rh6 26. Be2 Kf8 27. f4 Rg6+ 28. Kh1 Rh6 29. Bb5 Rd8 30. Kg2 Be7
31. b4 Bc8 32. Rbc1 a6 33. Be2 Bh3+ 34. Kg3 Bf5 35. Bf3 g5 36. Ne2 Rh3+ 37. Kf2 g4 38. Bg2 Rxa3 39. Rxc7 Bxb4 40. d6 Ba5
41. Rb7 Bc8 42. Rb2 Bd7 43. Bd5 Bb5 44. Nd4 Bb6 45. Kg2 Bxd4 46. Rxd4 Rc3 47. Rb3 Rxb3 48. Bxb3 Bd7 49. Kg3 Kg7 50. Rb4 h5
51. Rb7 Kg6 52. Bc2+ Kh6 53. Kh4 a5 54. Be4 a4 55. Ra7 a3 56. Rxa3 Rb8 57. Ra7 Rb3 58. Bg2 Be6 59. f5 Bxf5 60. Rxf7 Bc8
61. e6
1-0

[Event "fast games for new members - #2"]
[Site "SchemingMind.com"]
[Date "2006.04.06"]
[Round "-"]
[White "Gand"]
[Black "Dan Geana"]
[Result "0-1"]
[WhiteCountry "ESP"]
[BlackCountry "ROU"]
[WhiteElo "1533"]
[WhiteRD "141"]
[BlackElo "2103"]
[BlackRD "173"]
[GameID "45587"]

1. e4 e5 2. Nf3 Nc6 3. Bb5 a6 4. Bxc6 dxc6 5. O-O Bg4 6. h3 h5 7. d3 Qf6 8. Nbd2 Ne7 9. c3 Ng6 10. d4 Bd6
11. Qb3 O-O-O 12. Re1 Be6 13. d5 cxd5 14. exd5 Bxh3
0-1

[Event "fast games for new members - #2"]
[Site "SchemingMind.com"]
[Date "2006.04.06"]
[Round "-"]
[White "kqrpnb"]
[Black "Dan Geana"]
[Result "0-1"]
[WhiteCountry "USA"]
[BlackCountry "ROU"]
[WhiteElo "1455"]
[WhiteRD "153"]
[BlackElo "1977"]
[BlackRD "234"]
[GameID "45588"]

1. e4 e5 2. Nf3 Nc6 3. Bc4 Nf6 4. d3 Be7 5. O-O h6 6. c3 O-O 7. Be3 d5 8. exd5 Nxd5 9. Bxd5 Qxd5 10. Qd2 Rd8
11. Rd1 Bg4 12. Nxe5 Nxe5 13. f3 Bxf3 14. Rf1 Rd6 15. d4 Bxg2 16. Qxg2 Rg6
0-1